| Поле | Инд. | ПП | Название | Значение |
|---|---|---|---|---|
| Тип записи | a | |||
| Библиографический уровень | b | |||
| 001 | Контрольный номер | RU/IS/BASE/269360489 | ||
| 005 | Дата корректировки | 20201120103625.7 | ||
| 008 | Кодируемые данные | 20080714 | ||
| 040 | b | Код языка каталог. | rus | |
| e | Правила каталог. | PSBO | ||
| 041 | 0_ | a | Код языка текста | rus |
| 084 | a | Индекс другой классификации/Индекс ББК | 85.125.4(2); 85.123(2) | |
| 100 | 1_ | a | Автор | Барадулин В. |
| 245 | 10 | a | Заглавие | Уральский расписной металл |
| c | Ответственность | фотографии С. Тартаковског, С. Кравчука | ||
| 505 | 0_ | a | Форматированное содержание | История художественного промысла с XVIII в. до наших дней |
| 650 | 04 | a | Основная рубрика | декоративно-прикладное искусство |
| a | Основная рубрика | изобразительное искусство | ||
| a | Основная рубрика | искусство; история изобразительного искусства | ||
| 653 | 0_ | a | Ключевые слова | XIX век |
| a | Ключевые слова | XVIII век | ||
| a | Ключевые слова | XX век | ||
| a | Ключевые слова | бронза | ||
| a | Ключевые слова | горнозаводская роспись | ||
| a | Ключевые слова | железо | ||
| a | Ключевые слова | медь | ||
| a | Ключевые слова | миниатюрная живопись | ||
| a | Ключевые слова | миниатюры | ||
| a | Ключевые слова | Нижний Тагил | ||
| a | Ключевые слова | подносы | ||
| a | Ключевые слова | предметы обихода | ||
| a | Ключевые слова | роспись по металлу | ||
| a | Ключевые слова | Россия | ||
| a | Ключевые слова | фольклор | ||
| a | Ключевые слова | художественные промыслы | ||
| a | Ключевые слова | шкатулки | ||
| 700 | 1_ | a | Автор | Тартаковский С. |
| e | Роль лиц | фотограф | ||
| 700 | 1_ | a | Автор | Кравчук В. |
| e | Роль лиц | фотограф | ||
| 773 | 08 | t | Заглавие источника | Наше наследие |
| d | Дата издания источника | 1991 | ||
| g | Прочая информация | № 5(23). - С. 155 - 159 : ил. | ||
| w | Контрольный № источника | RU/IS/BASE/179596151 | ||
| 901 | t | Тип документа | b |